Book character quotes - Statistics

General Stats
  • This quiz has been taken 104 times
    102 since last reset
  • The average score is 5 of 15
Answer Stats
Hint Book Charachter % Correct
“Somewhere over the rainbow, skies are blue, and the dreams that you dare to dream really do come true" The Wonderful Wizard of Oz Dorothy
87%
"It is our choices that show us what we truly are far more than our abilities" Harry Potter and the Chamber of Secrets Albus Dumbledore
77%
“You never really understand a person until you consider things from his point of view... Until you climb inside of his skin and walk around in it.” To Kill a Mockingbird Atticus Finch
58%
"Try them! Try them! And you may. Try them and you may I say." Green Eggs and Ham Sam-I-Am
52%
“I like it when somebody gets excited about something. It's nice.” The Cathcher in the Rye Holden Caulfield
38%
But still, if it’s true, how can it be a lie? Pipi Longstocking Pippilotta Delicatessa Windowshade Mackrelmint Ephraim's Daughter Longstocking
30%
My dear, I don’t give a damn.” Gone With the Wind Rhett Butler
29%
"We’re all mad here. I’m mad. You’re mad." Alice's Adventures in Wonderland The Cat
27%
Until they become conscious they will never rebel, and until after they have rebelled they cannot become conscious. 1984 Winston Smith
26%
"Laugh as much as you choose, but you will not laugh me out of my opinion." Pride and Predjudice Jane Bennet
23%
"Come, Boy, come and climb up my trunk and swing from my branches and eat apples and play in my shade and be "happy" The Giving Tree The Giving Tree
21%
“I've heard tell that what you imagine sometimes comes true." Charlie and the choclate Factory Grandpa Joe
17%
" It is my business to know what other people don't know." The Adventure of the Blue Carbuncle Sherlock Holmes
10%
“It takes ten times as long to put yourself back together as it does to fall apart.” Mockingjay Finnick Odair
9%
"Faithless is he that says farewell when the road darkens" The Fellowship of the Ring Gimli
9%
No matching quizzes found
Score Distribution
Percent of People with Each Score
Percentile by Number Answered
Your Score History
You have not taken this quiz since the last reset